বাঙলা ও বাঙালী / (Record no. 37793)
[ view plain ]
| 000 -LEADER | |
|---|---|
| fixed length control field | 00801nam a2200217 a 4500 |
| 001 - CONTROL NUMBER | |
| control field | 37793 |
| 003 - CONTROL NUMBER IDENTIFIER | |
| rucl marc code | BD-RjUL |
| 005 - DATE AND TIME OF LATEST TRANSACTION | |
| control field | 20211209052645.0 |
| 008 - FIXED-LENGTH DATA ELEMENTS--GENERAL INFORMATION | |
| fixed length control field | 150708s1969 bg ||||| |||| 00| 0 ben d |
| 035 ## - SYSTEM CONTROL NUMBER | |
| System control number | (BD-RjUL)37898 |
| 040 ## - CATALOGING SOURCE | |
| Original cataloging agency | BD-RjUL |
| Language of cataloging | ben |
| Transcribing agency | BD-RjUL |
| 041 ## - LANGUAGE CODE | |
| Language code of text/sound track or separate title | ben |
| 082 ## - DEWEY DECIMAL CLASSIFICATION NUMBER | |
| Classification number | 954.14 |
| Author mark and year | ROB 1969 |
| 100 ## - MAIN ENTRY--PERSONAL NAME | |
| Personal name | রায়, অজয় |
| 9 (RLIN) | 117056 |
| 245 ## - TITLE STATEMENT | |
| Title | বাঙলা ও বাঙালী / |
| Statement of responsibility, etc. | অজয় রায় ; আহমদ শরীফের ভূমিকা সম্বলিত |
| 260 ## - PUBLICATION, DISTRIBUTION, ETC. (IMPRINT) | |
| Place of publication, distribution, etc. | ঢাকা : |
| Name of publisher, distributor, etc. | খান ব্রাদার্স এণ্ড কোং, |
| Date of publication, distribution, etc. | ১৯৬৯. |
| 300 ## - PHYSICAL DESCRIPTION | |
| Pagination | ১৭৬ পৃ. ; |
| Size | ২২ সেমি. |
| 650 ## - SUBJECT ADDED ENTRY--TOPICAL TERM | |
| Topical term or geographic name as entry element | ইতিহাস |
| Geographic subdivision | বাংলা |
| 9 (RLIN) | 117057 |
| Topical term or geographic name as entry element | History |
| Geographic subdivision | Bengal |
| 9 (RLIN) | 117058 |
| 942 ## - ADDED ENTRY ELEMENTS (KOHA) | |
| Source of classification or shelving scheme | Dewey Decimal Classification |
| Koha item type | Books |
| Lost status | Source of classification or shelving scheme | Damaged status | Not for loan | Collection code | Permanent Location | Current Location | Shelving location | Date acquired | Source of acquisition | Cost, normal purchase price | Total Checkouts | Full call number | Date last seen | Date checked out | Copy number | Koha item type |
|---|---|---|---|---|---|---|---|---|---|---|---|---|---|---|---|---|
| Dewey Decimal Classification | Non-fiction | Central Library, University of Rajshahi | Central Library, University of Rajshahi | 22/06/1970 | Pakistan Book Cor. | 5.00 | 2 | B 954.14 ROB 1969 | 11/12/2016 | 23/11/2016 | C-2 | Books | ||||
| Dewey Decimal Classification | Non-fiction | Central Library, University of Rajshahi | Central Library, University of Rajshahi | 03/09/1973 | Nowraze Kitabistan | 5.00 | 2 | B 954.14 ROB 1969 | 28/04/2016 | 09/03/2016 | C-3 | Books | ||||
| Dewey Decimal Classification | Not For Loan | Non-fiction | Central Library, University of Rajshahi | Central Library, University of Rajshahi | Reading Room | 18/05/1970 | Nawroj, Dhaka | 5.00 | B 954.14 ROB 1969 | 09/03/2017 | C-1 | Books |